000 00232nam a2200097Ia 4500
008 190216s9999||||xx |||||||||||||| ||und||
100 _aAnton Chekhov
245 0 _aMalayalam-Penninde Samrajyam
260 _bCurrent Books
942 _cBK
999 _c30311
_d30311